La Telenovela brasileña en el mercado internacional /

Uloženo v:
Podrobná bibliografie
Hlavní autor: Figaro, Roseli A.
Médium: Text
Témata:
Tagy: Přidat tag
Žádné tagy, Buďte první, kdo vytvoří štítek k tomuto záznamu!

MARC

LEADER 00000 a a2200000 04500
001 7753
003
040
100 |a Figaro, Roseli A.  
245 |a La Telenovela brasileña en el mercado internacional /  |c Roseli A. Figaro 
650 |a TELEVISION  
650 |a INDUSTRIA DE LA CULTURA  
650 |a MEDIOS DE COMUNICACION  
650 |a EXPORTACIONES  
650 |a IDENTIDAD CULTURAL  
650 |a EXPORTACIONES  
650 |a PAISES  
773 |g número 6; páginas 33-47  
999 |c 21654  |d 21654